| 000 | 004170000a22001690004500 | ||
|---|---|---|---|
| 003 | MACL | ||
| 005 | 20160107173017.0 | ||
| 008 | 160107b xxu||||| |||| 00| 0 eng d | ||
| 040 |
_aMACL _cMACL |
||
| 041 | _aEnglish | ||
| 082 | _a826/SHA | ||
| 100 |
_aSharp, Elizabeth A _929431 |
||
| 245 | _aHeine in Art and Letters | ||
| 260 |
_bWalter Scott Ltd _aLondon |
||
| 650 |
_aLetters _929432 |
||
| 942 |
_cBK _k826/SHA _2ddc |
||
| 999 |
_c36502 _d36502 |
||